000 00665nam a2200265Ia 4500
003 OSt
005 20221007102145.0
006 a|||||r|||| 00| 0
007 ta
008 221006b |||||||| |||| 00| 0 eng d
020 _a8171111203
_c1275/-
024 _a9,567
037 _cTextual
040 _aLCO
_cLCO
_beng
041 _2eng
_aeng
082 _aV1:5, P4
100 _aMuntaqim K.A.
_9704333
245 0 _aProtection of Human Right
250 _a1st
260 _aAllahabad
_bLaw Publication India
_c2004
300 _a1316
650 _aHUMAN RIGHT
942 _hV1:5, P4
_cTEXL
999 _c1179130
_d1179130